Представление документа в формате MARC21

ПолеНазваниеЗначение
  Тип записи a
  Библиографический уровень m
001 Контрольный номер RU/URAIT/583645
005 Дата корректировки 20260429163650.3
008 Кодируемые данные 260429s2026 RU y f j 000 0 rus u
020 Индекс ISBN __
a ISBN 978-5-534-15523-5
c Цена, тираж 1749.00
040 Источник каталогиз. __
a Служба первич. каталог. ИКО Юрайт
c Служба, преобразующая запись ИКО Юрайт
e Правила каталог. RCR
041 Код языка издания __
a Код языка текста rus
044 Код страны публикации __
a Код страны публикации RU
080 Индекс УДК __
a Индекс УДК 519.816(075.8)
084 Индекс другой классификации/Индекс ББК __
2 Источник индекса rubbk
a Индекс другой классификации/Индекс ББК 22.18я73
100 Автор __
a Автор Кравченко Т. К.
q Полное имя Кравченко Татьяна Константиновна
245 Заглавие __
a Заглавие Системы поддержки принятия решений
b Продолж. заглавия учебник и практикум для вузов
c Ответственность Т. К. Кравченко, Д. В. Исаев.
250 Сведения об издании __
g пер. и доп
a Основные сведения об издании 2-е изд.
256 Характеристики компьютерного файла __
a Характеристики компьютерного файла Электрон. дан.
260 Выходные данные __
a Место издания Москва
b Издательство Юрайт
c Дата издания 2026
300 Физическое описание __
a Объем 327 с
440 Серия __
a Серия Высшее образование
500 Примечания __
a Примечание URL: https://urait.ru/bcode/583645 (дата обращения: 29.04.2026).
520 Аннотация __
a Аннотация В курсе рассматриваются вопросы информатизации процессов принятия решений. Рассматривается роль экспертных оценок, которые используются для определения вероятностей возникновения проблемных ситуаций, определения коэффициентов компетентности экспертов, оценивающих альтернативы, формирования оценок рассматриваемых альтернатив. Выделяются особенности принятия групповых решений. Особое внимание уделено поддержке принятия решений на стратегическом уровне управления. Также подробно рассмотрены подходы к моделированию проблемных ситуаций, характеризующих возможные состояния внешней среды в будущем. Рассмотрены история, современная классификация и перспективы развития информационных систем поддержки принятия решений. Описаны различные информационные системы поддержки принятий решений, в том числе разработанные в Национальном исследовательском университете «Высшая школа экономики». Также рассмотрены бизнес-кейсы, максимально приближенные к реальным задачам принятия решений. Соответствует актуальным требованиям Федерального государственного образовательного стандарта высшего образования. Для студентов, аспирантов и преподавателей, специализирующихся в области менеджмента, поддержки принятия решений и информационных систем управления
538 Прим. о системных особенностях __
a Прим. о системных особенностях Режим доступа: Электронно-библиотечная система Юрайт, для авториз. пользователей
653 Ключевые слова __
a Ключевые слова Менеджмент
653 Ключевые слова __
a Ключевые слова Менеджмент
653 Ключевые слова __
a Ключевые слова Системы поддержки принятия решений
653 Ключевые слова __
a Ключевые слова Системы поддержки принятия проектных решений
653 Ключевые слова __
a Ключевые слова Экспертные системы и системы поддержки принятия решений
653 Ключевые слова __
a Ключевые слова Принятие решений - прикладные задачи
653 Ключевые слова __
a Ключевые слова Теория принятия решений и экспертные системы
653 Ключевые слова __
a Ключевые слова Современные методы, технологии и информационные системы поддержки принятия решений
653 Ключевые слова __
a Ключевые слова Система поддержки принятия решений
653 Ключевые слова __
a Ключевые слова Компьютерные системы поддержки принятия решений
653 Ключевые слова __
a Ключевые слова Интеллектуальные системы поддержки принятия решений
653 Ключевые слова __
a Ключевые слова Методы экспертного оценивания в теории принятия решений
653 Ключевые слова __
a Ключевые слова Компьютерная поддержка принятия решений
653 Ключевые слова __
a Ключевые слова Применение интеллектуальных систем поддержки принятия решений в сложных ситуациях на рыболовных судах
653 Ключевые слова __
a Ключевые слова Исследование операций и системы поддержки принятия решений
653 Ключевые слова __
a Ключевые слова Информационные системы поддержки принятия решений
653 Ключевые слова __
a Ключевые слова Экспертные системы и технологии поддержки принятия решений
653 Ключевые слова __
a Ключевые слова Количественные методы принятия решений
653 Ключевые слова __
a Ключевые слова Программное обеспечение систем поддержки принятия решения в гидрометеорологии
653 Ключевые слова __
a Ключевые слова Методы и модели систем поддержки принятия решений
653 Ключевые слова __
a Ключевые слова Статистические методы принятия решений
653 Ключевые слова __
a Ключевые слова Экспертные системы принятия решения
653 Ключевые слова __
a Ключевые слова Статистические методы принятия решений и прогнозирования в организационно-технических
653 Ключевые слова __
a Ключевые слова Технология получения новых материалов с заданными свойствами
653 Ключевые слова __
a Ключевые слова Методы принятия технических решений в задачах проектирования и управления
653 Ключевые слова __
a Ключевые слова Принятие решений в кризисных ситуациях
653 Ключевые слова __
a Ключевые слова Системы поддержки принятия решений в логистике
653 Ключевые слова __
a Ключевые слова Теория принятия решений в проектно-конструкторской деятельности
653 Ключевые слова __
a Ключевые слова Принятие решений в информационных системах
653 Ключевые слова __
a Ключевые слова Процесс принятия решений в социально-политической сфере
653 Ключевые слова __
a Ключевые слова Прикладные задачи принятия решения
653 Ключевые слова __
a Ключевые слова Современные системы поддержки принятия решений
653 Ключевые слова __
a Ключевые слова Методы и средства поддержки принятия решений
653 Ключевые слова __
a Ключевые слова Моделирование и принятие решений в АИС
653 Ключевые слова __
a Ключевые слова Статистические методы принятия решений и прогнозирования в организационно-технических системах
653 Ключевые слова __
a Ключевые слова Интеллектуальный анализ данных в системах поддержки принятия решений
653 Ключевые слова __
a Ключевые слова Проектирование программных инструментальных средств для систем поддержки принятия решений
653 Ключевые слова __
a Ключевые слова Проектирование систем поддержки принятия решений
653 Ключевые слова __
a Ключевые слова Информационные системы принятия решений
653 Ключевые слова __
a Ключевые слова Методы принятия решений в экономике
653 Ключевые слова __
a Ключевые слова Теоретические основы поддержки принятия решений
653 Ключевые слова __
a Ключевые слова Аналитические системы поддержки принятия решений
653 Ключевые слова __
a Ключевые слова Основы принятия решений в информационных системах
653 Ключевые слова __
a Ключевые слова Анализ прикладных исследовательских проектов
653 Ключевые слова __
a Ключевые слова Основы принятия решений
653 Ключевые слова __
a Ключевые слова Проектирование систем поддержки принятия решений в управлении строительством и ЖКХ
653 Ключевые слова __
a Ключевые слова Вероятностные модели принятия решений
653 Ключевые слова __
a Ключевые слова Экспертные оценки принятия управленческих решений
653 Ключевые слова __
a Ключевые слова Проектирование экспертных систем и систем поддержки принятия решений
653 Ключевые слова __
a Ключевые слова Системы автоматизированной поддержки деятельности технолога
653 Ключевые слова __
a Ключевые слова Средства компьютерной поддержки деятельности технолога
653 Ключевые слова __
a Ключевые слова Информационные системы поддержки принятия решений в диагностике
653 Ключевые слова __
a Ключевые слова Системы поддержки принятия решений в медицине
653 Ключевые слова __
a Ключевые слова Системы поддержки принятия решений в медицине и здравоохранении
653 Ключевые слова __
a Ключевые слова Системы поддержки принятия решений в финансовой сфере
653 Ключевые слова __
a Ключевые слова Технологии адаптивного планирования ресурсов в системах поддержки принятия решений
653 Ключевые слова __
a Ключевые слова Технологии мониторинга и анализа больших данных в системах поддержки принятия решений
653 Ключевые слова __
a Ключевые слова Методы принятия решений в динамических средах
653 Ключевые слова __
a Ключевые слова Разработка и реализация прикладных исследовательских проектов и экспертная оценка проектов
653 Ключевые слова __
a Ключевые слова Аналитическая поддержка принятия решений
653 Ключевые слова __
a Ключевые слова Проектирование систем принятия решений в экономике
653 Ключевые слова __
a Ключевые слова Математическое обеспечение систем поддержки принятия решений
700 Другие авторы __
a Другие авторы Исаев Д. В.
q Полное имя Исаев Дмитрий Валентинович
856 Электронный адрес документа 40
n Местонахождение сервера Юрайт
g Электронная книга
q Тип электронного формата html
h Имя пользователя ЮРАЙТ
v Часы доступа к ресурсу 20271231
2 Способ доступа Показать документ
x Служебное примечание https://urait.ru/book/cover/A4D2BA10-704B-4069-8AD3-58A52DFEC7E8
u URL https://urait.ru/bcode/583645
856 Электронный адрес документа 48
q Тип электронного формата cover
u URL https://urait.ru/book/cover/A4D2BA10-704B-4069-8AD3-58A52DFEC7E8
911 __
u 0030=https://urait.ru/bcode/583645
911 __
u 073a=9785534155235
u 073d=1749.00
911 __
u 106a=s
911 __
u 900l=
952 Тип литературы __
i Дисциплина Системы поддержки принятия решений
952 Тип литературы __
i Дисциплина Системы поддержки принятия проектных решений
952 Тип литературы __
i Дисциплина Экспертные системы и системы поддержки принятия решений
952 Тип литературы __
i Дисциплина Принятие решений - прикладные задачи
952 Тип литературы __
i Дисциплина Теория принятия решений и экспертные системы
952 Тип литературы __
i Дисциплина Современные методы, технологии и информационные системы поддержки принятия решений
952 Тип литературы __
i Дисциплина Система поддержки принятия решений
952 Тип литературы __
i Дисциплина Компьютерные системы поддержки принятия решений
952 Тип литературы __
i Дисциплина Интеллектуальные системы поддержки принятия решений
952 Тип литературы __
i Дисциплина Методы экспертного оценивания в теории принятия решений
952 Тип литературы __
i Дисциплина Компьютерная поддержка принятия решений
952 Тип литературы __
i Дисциплина Применение интеллектуальных систем поддержки принятия решений в сложных ситуациях на рыболовных судах
952 Тип литературы __
i Дисциплина Исследование операций и системы поддержки принятия решений
952 Тип литературы __
i Дисциплина Информационные системы поддержки принятия решений
952 Тип литературы __
i Дисциплина Экспертные системы и технологии поддержки принятия решений
952 Тип литературы __
i Дисциплина Количественные методы принятия решений
952 Тип литературы __
i Дисциплина Программное обеспечение систем поддержки принятия решения в гидрометеорологии
952 Тип литературы __
i Дисциплина Методы и модели систем поддержки принятия решений
952 Тип литературы __
i Дисциплина Статистические методы принятия решений
952 Тип литературы __
i Дисциплина Экспертные системы принятия решения
952 Тип литературы __
i Дисциплина Статистические методы принятия решений и прогнозирования в организационно-технических
952 Тип литературы __
i Дисциплина Технология получения новых материалов с заданными свойствами
952 Тип литературы __
i Дисциплина Методы принятия технических решений в задачах проектирования и управления
952 Тип литературы __
i Дисциплина Принятие решений в кризисных ситуациях
952 Тип литературы __
i Дисциплина Системы поддержки принятия решений в логистике
952 Тип литературы __
i Дисциплина Теория принятия решений в проектно-конструкторской деятельности
952 Тип литературы __
i Дисциплина Принятие решений в информационных системах
952 Тип литературы __
i Дисциплина Процесс принятия решений в социально-политической сфере
952 Тип литературы __
i Дисциплина Прикладные задачи принятия решения
952 Тип литературы __
i Дисциплина Современные системы поддержки принятия решений
952 Тип литературы __
i Дисциплина Методы и средства поддержки принятия решений
952 Тип литературы __
i Дисциплина Моделирование и принятие решений в АИС
952 Тип литературы __
i Дисциплина Статистические методы принятия решений и прогнозирования в организационно-технических системах
952 Тип литературы __
i Дисциплина Интеллектуальный анализ данных в системах поддержки принятия решений
952 Тип литературы __
i Дисциплина Проектирование программных инструментальных средств для систем поддержки принятия решений
952 Тип литературы __
i Дисциплина Проектирование систем поддержки принятия решений
952 Тип литературы __
i Дисциплина Информационные системы принятия решений
952 Тип литературы __
i Дисциплина Методы принятия решений в экономике
952 Тип литературы __
i Дисциплина Теоретические основы поддержки принятия решений
952 Тип литературы __
i Дисциплина Аналитические системы поддержки принятия решений
952 Тип литературы __
i Дисциплина Основы принятия решений в информационных системах
952 Тип литературы __
i Дисциплина Анализ прикладных исследовательских проектов
952 Тип литературы __
i Дисциплина Основы принятия решений
952 Тип литературы __
i Дисциплина Проектирование систем поддержки принятия решений в управлении строительством и ЖКХ
952 Тип литературы __
i Дисциплина Вероятностные модели принятия решений
952 Тип литературы __
i Дисциплина Экспертные оценки принятия управленческих решений
952 Тип литературы __
i Дисциплина Проектирование экспертных систем и систем поддержки принятия решений
952 Тип литературы __
i Дисциплина Системы автоматизированной поддержки деятельности технолога
952 Тип литературы __
i Дисциплина Средства компьютерной поддержки деятельности технолога
952 Тип литературы __
i Дисциплина Информационные системы поддержки принятия решений в диагностике
952 Тип литературы __
i Дисциплина Системы поддержки принятия решений в медицине
952 Тип литературы __
i Дисциплина Системы поддержки принятия решений в медицине и здравоохранении
952 Тип литературы __
i Дисциплина Системы поддержки принятия решений в финансовой сфере
952 Тип литературы __
i Дисциплина Технологии адаптивного планирования ресурсов в системах поддержки принятия решений
952 Тип литературы __
i Дисциплина Технологии мониторинга и анализа больших данных в системах поддержки принятия решений
952 Тип литературы __
i Дисциплина Методы принятия решений в динамических средах
952 Тип литературы __
i Дисциплина Разработка и реализация прикладных исследовательских проектов и экспертная оценка проектов
952 Тип литературы __
i Дисциплина Аналитическая поддержка принятия решений
952 Тип литературы __
i Дисциплина Проектирование систем принятия решений в экономике
952 Тип литературы __
i Дисциплина Математическое обеспечение систем поддержки принятия решений